| 000 | 01456nam a2200229 a 4500 | ||
|---|---|---|---|
| 001 | 000025337 | ||
| 005 | 20240308073618.0 | ||
| 008 | 110215s1989 dr r 000 0 spa d | ||
| 040 |
_aDO-SdBNP _bspa _cBNPHU |
||
| 082 |
_axxxx _bxxxx |
||
| 111 | 2 |
_aSeminario grandes figuras de la evangelización de América _d(2: 1989 _cSanto Domingo ) _951890 |
|
| 245 | 1 | 0 |
_aFray Bartolomé de las Casas : _bevangelizador y defensor de los indios / _cFrancisco José Arnáiz ...[et al.]. |
| 260 |
_aSanto Domingo : _bComisión Presidencial de Apoyo al Desarrollo Provincial, _c1989. |
||
| 300 |
_a68 p. ; _c22 cm. |
||
| 500 | _aIncluye referencias bibliográficas y notas al pie de las páginas | ||
| 505 | 0 | _aPalabras de Salutación / José Chez Checo -- Fray Bartolomé de las Casas, evangelizador y defensor de los indios / Mons. Francisco José Arnáis -- El profetismo de las Casas y la desnutrición de las indios / Carlos Esteban Deive-- Bartolomé de las Casas precursor de los pueblos de indios / Pedro Julio Santiago -- La personalidad conflectiva de Fray Bartolomé de las Casas / Carlos Dobal -- Palabra de clausura/ Rev. Padre Ramón Alonso | |
| 590 | _aInventariado, 2019/BT | ||
| 710 | 2 |
_aComisión Dominicana Permanente para la Celebración del Quinto Centenario del Descubrimiento y Evangelización de América _937646 |
|
| 700 | 1 |
_aDeive, Carlos Esteban, _d1935-2019 _91916 |
|
| 700 | 1 |
_aSantiago, Pedro Julio _944573 |
|
| 700 | 1 |
_aDobal, Carlos _926322 |
|
| 999 |
_c24829 _d24829 |
||